| 000 | 00513cam a2200205ua 4500 | ||
|---|---|---|---|
| 041 |
_aeng _h |
||
| 082 |
_a321.80954 _bTAY/IN |
||
| 100 | _aTaylor, C . | ||
| 245 |
_aIndia`s roots of democracy / _cC Taylor. _hTextual Documents |
||
| 250 |
_a1 / _b. |
||
| 260 |
_aLondon : _bOrient-Longman Ltd , _c1965. |
||
| 300 | _a694 ; . | ||
| 500 | _a**Reference | ||
| 504 | _a | ||
| 700 | 1 | _aEnsminger, Douglas . | |
| 700 | 1 | _aJohnson, Helen W. | |
| 700 | 1 | _aJoyce, Jean . | |
| 942 | _cBK | ||
| 999 |
_c3813 _d3813 |
||